[Event "Vallfogona de Balaguer Farre Mem 2nd"]
[Site "Vallfogona de Balaguer"]
[Date "2023.05.06"]
[Round "4"]
[White "Fernandez Mir, Angel A"]
[Black "Subarroca Blanch, Francesco"]
[Result "1-0"]
[WhiteElo "1743"]
[BlackElo "1789"]
[PlyCount "51"]
[EventDate "2023.04.15"]
[EventType "swiss"]
[EventRounds "8"]
[EventCountry "ESP"]
[SourceTitle "EXT 2024"]
[Source "ChessBase"]
[SourceDate "2023.10.10"]
[SourceVersion "1"]
[SourceVersionDate "2023.10.10"]
[SourceQuality "1"]

1. e4 c5 2. Nf3 Nc6 3. d4 cxd4 4. Nxd4 d6 5. Nc3 g6 6. Be3 Bg7 7. Be2 Nf6 8. f3 0-0 9. 0-0 Qa5 10. Qd2 Qh5 11. Rf2 Kh8 12. Ndb5 Bd7 13. g4 Nxg4 14. fxg4 Bxg4 15. Bxg4 Qxg4+ 16. Rg2 Qh5 17. Nc7 Rac8 18. N7d5 Ne5 19. Rf1 Nf3+ 20. Rxf3 Qxf3 21. Rg3 Qh5 22. Rg5 Qh4 23. Rg3 e6 24. Bg5 Bxc3 25. Bxh4 Bxd2 26. Bf6+ 1-0